Second level subdivisions of South Korea - Statistics

General Stats
  • This quiz has been taken 116 times
  • The average score is 70 of 236
Answers on the Map
Answers color-coded by a green-red scale on the quiz's map according to % correct below.
 
Answer Stats
First level Answer Level Name % Correct
Busan | Daegu | Daejeon | +2 others Seo-gu gu Seo
91%
Jeju Jeju-si si Jeju
84%
Busan | Daegu | Daejeon | +3 others Dong-gu gu Dong
72%
Busan | Daegu | Gwangju | Ulsan Nam-gu gu Nam
70%
Busan | Daegu | Gwangju | Ulsan Buk-gu gu Buk
65%
Gyeonggi Gwangju-si si Gwangju
60%
Busan | Daegu | Daejeon | +3 others Jung-gu gu Jung
60%
Autonomous cities Sejong-si si Sejong
60%
Jeju Seogwipo-si si Seogwipo
51%
Seoul Gangnam-gu gu Gangnam
49%
Daegu Gunwi-gun gun Gunwi
47%
Daegu Dalseo-gu gu Dalseo
42%
Daegu Dalseong-gu gu Dalseong
42%
Gyeonggi Ansan-si si Ansan
40%
Gyeonggi Gimpo-si si Gimpo
40%
Gwangju Gwangsan-gu gu Gwangsan
40%
Gyeonggi Anyang-si si Anyang
37%
Seoul Gangbuk-gu gu Gangbuk
37%
Seoul Gangdong-gu gu Gangdong
37%
Busan | Seoul Gangseo-gu gu Gangseo
37%
Seoul Mapo-gu gu Mapo
37%
Daegu Suseong-gu gu Suseong
37%
Gyeonggi Suwon-si si Suwon
37%
Ulsan Ulju-gu gu Ulju
37%
North Gyeongsang Ulleung-gun gun Ulleung
37%
Gangwon Wonju-si si Wonju
37%
Gangwon Chuncheon-si si Chuncheon
35%
North Gyeongsang Gyeongju-si si Gyeongju
35%
North Gyeongsang Pohang-si si Pohang
35%
Gangwon Sokcho-si si Sokcho
35%
North Gyeongsang Andong-si si Andong
33%
South Gyeongsang Changwon-si si Changwon
33%
North Chungcheong Cheongju-si si Cheongju
33%
Seoul Dongdaemun-gu gu Dongdaemun
33%
Busan Haeundae-gu gu Haeundae
33%
North Jeolla Jeonju-si si Jeonju
33%
Seoul Seocho-gu gu Seocho
33%
Seoul Songpa-gu gu Songpa
33%
Seoul Yongsan-gu gu Yongsan
33%
Gyeonggi Bucheon-si si Bucheon
30%
Gangwon Donghae-si si Donghae
30%
Incheon Ganghwa-gun gun Ganghwa
30%
Gangwon Gangneung-si si Gangneung
30%
South Gyeongsang Geoje-si si Geoje
30%
Gyeonggi Goyang-si si Goyang
30%
Seoul Gwangjin-gu gu Gwangjin
30%
Gyeonggi Paju-si si Paju
30%
Gangwon Pyeongchang-gun gun Pyeongchang
30%
Seoul Seodaemun-gu gu Seodaemun
30%
Gyeonggi Seongnam-si si Seongnam
30%
Seoul Yeongdeungpo-gu gu Yeongdeungpo
30%
Gyeonggi Yongin-si si Yongin
30%
Incheon Bupyeong-gu gu Bupyeong
28%
North Chungcheong Chungju-si si Chungju
28%
Seoul Eunpyeong-gu gu Eunpyeong
28%
Busan Gijang-gu gu Gijang
28%
South Gyeongsang Gimhae-si si Gimhae
28%
Gangwon | South Gyeongsang Goseong-gun gun Goseong
28%
Seoul Gwanak-gu gu Gwanak
28%
Gyeonggi Hanam-si si Hanam
28%
Gyeonggi Hwaseong-si si Hwaseong
28%
South Jeolla Jindo-gun gun Jindo
28%
South Jeolla Mokpo-si si Mokpo
28%
South Gyeongsang Namhae-gun gun Namhae
28%
Gyeonggi Namyangju-si si Namyangju
28%
Seoul Nowon-gu gu Nowon
28%
Seoul Seongdong-gu gu Seongdong
28%
South Gyeongsang Tongyeong-si si Tongyeong
28%
North Gyeongsang Uljin-gun gun Uljin
28%
South Gyeongsang Yangsan-si si Yangsan
28%
Incheon Yeonpyeong-myeon myeon Yeonpyeong
28%
South Jeolla Yeosu-si si Yeosu
28%
Daejeon Yuseong-gu gu Yuseong
28%
Gyeonggi Anseong-si si Anseong
26%
South Chungcheong Asan-si si Asan
26%
South Chungcheong Cheonan-si si Cheonan
26%
Daejeon Daedeok-gu gu Daedeok
26%
South Chungcheong Dangjin-si si Dangjin
26%
Gyeonggi Dongducheon-si si Dongducheon
26%
Gyeonggi Gapyeong-gun gun Gapyeong
26%
Seoul Geumcheon-gu gu Geumcheon
26%
Gyeonggi Guri-si si Guri
26%
Gyeonggi Gwacheon-si si Gwacheon
26%
Gyeonggi Gwangmyeong-si si Gwangmyeong
26%
North Gyeongsang Gyeongsan-si si Gyeongsan
26%
South Gyeongsang Hadong-gun gun Hadong
26%
Gyeonggi Icheon-si si Icheon
26%
Gangwon Inje-gun gun Inje
26%
South Gyeongsang Jinju-si si Jinju
26%
Seoul Jongno-gu gu Jongno
26%
Incheon Michuhol-gu gu Michuhol
26%
South Gyeongsang Miryang-si si Miryang
26%
South Jeolla Naju-si si Naju
26%
Gyeonggi Pyeongtaek-si si Pyeongtaek
26%
Gangwon Samcheok-si si Samcheok
26%
North Gyeongsang Sangju-si si Sangju
26%
Seoul Seongbuk-gu gu Seongbuk
26%
North Gyeongsang Seongju-gun gun Seongju
26%
Gyeonggi Siheung-si si Siheung
26%
South Jeolla Sinan-gun gun Sinan
26%
Gyeonggi Uijeongbu-si si Uijeongbu
26%
Seoul Yangcheon-gu gu Yangcheon
26%
Gyeonggi Yangju-si si Yangju
26%
Gyeonggi Yangpyeong-gun gun Yangpyeong
26%
Gangwon Yangyang-gun gun Yangyang
26%
Gyeonggi Yeoju-si si Yeoju
26%
Busan Yeongdo-gu gu Yeongdo
26%
Incheon Yeongheung-myeon myeon Yeongheung
26%
Incheon Baengnyeong-myeon myeon Baengnyeong
23%
Incheon Bukdo-myeon myeon Bukdo
23%
Incheon Daecheong-myeon myeon Daecheong
23%
Incheon Deokjeok-myeon myeon Deokjeok
23%
Seoul Dobong-gu gu Dobong
23%
South Jeolla Goheung-gun gun Goheung
23%
Gyeonggi Gunpo-si si Gunpo
23%
Seoul Guro-gu gu Guro
23%
South Jeolla Haenam-gun gun Haenam
23%
Gangwon Hongcheon-gun gun Hongcheon
23%
Incheon Jawol-myeon myeon Jawol
23%
North Chungcheong Jecheon-si si Jecheon
23%
Gangwon Jeongseon-gun gun Jeongseon
23%
South Jeolla Muan-gun gun Muan
23%
Gyeonggi Osan-si si Osan
23%
Gyeonggi Pocheon-si si Pocheon
23%
Busan Saha-gu gu Saha
23%
Busan Sasang-gu gu Sasang
23%
Gangwon Taebaek-si si Taebaek
23%
Gyeonggi Yeoncheon-gun gun Yeoncheon
23%
North Gyeongsang Yeongju-si si Yeongju
23%
Gangwon Yeongwol-gun gun Yeongwol
23%
Gangwon Cheorwon-gun gun Cheorwon
21%
North Chungcheong Danyang-gun gun Danyang
21%
North Chungcheong Eumseong-gun gun Eumseong
21%
North Gyeongsang Gimcheon-si si Gimcheon
21%
South Chungcheong Gongju-si si Gongju
21%
North Gyeongsang Goryeong-gun gun Goryeong
21%
South Gyeongsang Haman-gun gun Haman
21%
Gangwon Hoengseong-gun gun Hoengseong
21%
South Chungcheong Hongseong-gun gun Hongseong
21%
Incheon Namdong-gu gu Namdong
21%
North Jeolla Namwon-si si Namwon
21%
South Gyeongsang Sacheon-si si Sacheon
21%
South Jeolla Suncheon-si si Suncheon
21%
South Chungcheong Taean-gun gun Taean
21%
Gyeonggi Uiwang-si si Uiwang
21%
Gangwon Yanggu-gun gun Yanggu
21%
North Gyeongsang Yeongcheon-si si Yeongcheon
21%
North Gyeongsang Bonghwa-gun gun Bonghwa
19%
North Jeolla Buan-gun gun Buan
19%
Busan Busanjin-gu gu Busanjin
19%
North Gyeongsang Cheongdo-gun gun Cheongdo
19%
North Gyeongsang Cheongsong-gun gun Cheongsong
19%
South Chungcheong Cheongyang-gun gun Cheongyang
19%
North Gyeongsang Chilgok-gun gun Chilgok
19%
Seoul Dongjak-gu gu Dongjak
19%
Busan Dongnae-gu gu Dongnae
19%
South Jeolla Gangjin-gun gun Gangjin
19%
North Jeolla Gimje-si si Gimje
19%
North Gyeongsang Gumi-si si Gumi
19%
North Jeolla Gunsan-si si Gunsan
19%
South Jeolla Gurye-gun gun Gurye
19%
South Jeolla Gwangyang-si si Gwangyang
19%
South Chungcheong Gyeryong-si si Gyeryong
19%
Incheon Gyeyang-gu gu Gyeyang
19%
South Gyeongsang Hapcheon-gun gun Hapcheon
19%
Gangwon Hwacheon-gun gun Hwacheon
19%
South Jeolla Jangheung-gun gun Jangheung
19%
North Jeolla Jeongeup-si si Jeongeup
19%
North Jeolla Jinan-gun gun Jinan
19%
Seoul Jungnang-gu gu Jungnang
19%
North Jeolla Muju-gun gun Muju
19%
North Gyeongsang Mungyeong-si si Mungyeong
19%
South Chungcheong Seocheon-gun gun Seocheon
19%
South Chungcheong Seosan-si si Seosan
19%
Busan Suyeong-gu gu Suyeong
19%
South Gyeongsang Uiryeong-gun gun Uiryeong
19%
South Jeolla Wando-gun gun Wando
19%
Busan Yeonje-gu gu Yeonje
19%
Incheon Yeonsu-gu gu Yeonsu
19%
North Chungcheong Boeun-gun gun Boeun
16%
South Jeolla Boseong-gun gun Boseong
16%
South Gyeongsang Changnyeong-gun gun Changnyeong
16%
North Chungcheong Jeungpyeong-gun gun Jeungpyeong
16%
North Chungcheong Jincheon-gun gun Jincheon
16%
South Gyeongsang Sancheong-gun gun Sancheong
16%
North Gyeongsang Uiseong-gun gun Uiseong
16%
South Jeolla Yeongam-gun gun Yeongam
16%
North Gyeongsang Yeongdeok-gun gun Yeongdeok
16%
North Chungcheong Yeongdong-gun gun Yeongdong
16%
North Gyeongsang Yeongyang-gun gun Yeongyang
16%
South Chungcheong Yesan-gun gun Yesan
16%
South Chungcheong Boryeong-si si Boryeong
14%
South Chungcheong Cheongwon-gun gun Cheongwon
14%
Busan Geumjeong-gu gu Geumjeong
14%
South Chungcheong Geumsan-gun gun Geumsan
14%
North Jeolla Gochang-gun gun Gochang
14%
North Chungcheong Goesan-gun gun Goesan
14%
South Gyeongsang Hamyang-gun gun Hamyang
14%
North Jeolla Iksan-si si Iksan
14%
North Jeolla Imsil-gun gun Imsil
14%
South Chungcheong Nonsan-si si Nonsan
14%
North Chungcheong Okcheon-gun gun Okcheon
14%
North Gyeongsang Yecheon-gun gun Yecheon
14%
South Jeolla Yeonggwang-gun gun Yeonggwang
14%
South Gyeongsang Geochang-gun gun Geochang
12%
South Jeolla Gokseong-gun gun Gokseong
12%
South Jeolla Hampyeong-gun gun Hampyeong
12%
South Jeolla Hwasun-gun gun Hwasun
12%
South Jeolla Jangseong-gun gun Jangseong
12%
North Jeolla Sunchang-gun gun Sunchang
12%
North Jeolla Wanju-gun gun Wanju
12%
South Chungcheong Buyeo-gun gun Buyeo
9%
North Jeolla Jangsu-gun gun Jangsu
9%
South Jeolla Damyang-gun gun Damyang
7%
No matching quizzes found
Score Distribution
Percent of People with Each Score
Percentile by Number Answered
Your Score History
You have not taken this quiz